Разработка системы отображения отчетных показателей доменного производства на основе Reporting Services; Известия Томского политехнического университета [Известия ТПУ]; Т. 317, № 5 : Управление, вычислительная техника и информатика
| Parent link: | Известия Томского политехнического университета [Известия ТПУ]/ Томский политехнический университет (ТПУ).— , 2000- Т. 317, № 5 : Управление, вычислительная техника и информатика.— 2010.— [С. 68-73] |
|---|---|
| Άλλοι συγγραφείς: | , , , |
| Περίληψη: | Заглавие с титульного листа Электронная версия печатной публикации Отражены технологические особенности применения инструмента Reporting Services, использованные авторами в ходе создания Web-ориентированной системы отображения отчетных показателей доменного производства ОАО "Магнитогорский металлургический комбинат". |
| Γλώσσα: | Ρωσικά |
| Έκδοση: |
2010
|
| Σειρά: | Управление, вычислительная техника и информатика |
| Θέματα: | |
| Διαθέσιμο Online: | http://www.lib.tpu.ru/fulltext/v/Bulletin_TPU/2010/v317/i5/14.pdf |
| Μορφή: | Ηλεκτρονική πηγή Κεφάλαιο βιβλίου |
| KOHA link: | https://koha.lib.tpu.ru/cgi-bin/koha/opac-detail.pl?biblionumber=193863 |
MARC
| LEADER | 00000nla2a2200000 4500 | ||
|---|---|---|---|
| 001 | 193863 | ||
| 005 | 20231031182100.0 | ||
| 035 | |a (RuTPU)RU\TPU\book\211412 | ||
| 035 | |a RU\TPU\book\211392 | ||
| 090 | |a 193863 | ||
| 100 | |a 20110330d2010 k y0rusy50 ca | ||
| 101 | 0 | |a rus | |
| 102 | |a RU | ||
| 135 | |a drnn ---uucaa | ||
| 181 | 0 | |a i | |
| 182 | 0 | |a b | |
| 200 | 1 | |a Разработка системы отображения отчетных показателей доменного производства на основе Reporting Services |b Электронный ресурс |f В. В. Лавров [и др.] | |
| 203 | |a Текст |c электронный | ||
| 215 | |a 1 файл (1.1 Мб) | ||
| 225 | 1 | |a Управление, вычислительная техника и информатика | |
| 230 | |a Электронные текстовые данные (1 файл : 1.1 Мб) | ||
| 300 | |a Заглавие с титульного листа | ||
| 300 | |a Электронная версия печатной публикации | ||
| 320 | |a [Библиогр.: с. 73 (5 назв.)] | ||
| 330 | |a Отражены технологические особенности применения инструмента Reporting Services, использованные авторами в ходе создания Web-ориентированной системы отображения отчетных показателей доменного производства ОАО "Магнитогорский металлургический комбинат". | ||
| 337 | |a Adobe Reader | ||
| 461 | 1 | |0 (RuTPU)RU\TPU\book\176237 |t Известия Томского политехнического университета [Известия ТПУ] |f Томский политехнический университет (ТПУ) |d 2000- | |
| 463 | 1 | |0 (RuTPU)RU\TPU\book\210457 |x 1684-8519 |t Т. 317, № 5 : Управление, вычислительная техника и информатика |v [С. 68-73] |d 2010 |p 228 с. | |
| 610 | 1 | |a программное обеспечение | |
| 610 | 1 | |a разработка | |
| 610 | 1 | |a технология | |
| 610 | 1 | |a Reporting Services | |
| 610 | 1 | |a системы отображения показателей | |
| 610 | 1 | |a доменные печи | |
| 610 | 1 | |a металлургия | |
| 610 | 1 | |a технологические задачи | |
| 610 | 1 | |a электронный ресурс | |
| 701 | 1 | |a Лавров |b В. В. | |
| 701 | 1 | |a Спирин |b Н. А. | |
| 701 | 1 | |a Бурыкин |b А. А. | |
| 701 | 1 | |a Краснобаев |b А. В. | |
| 801 | 1 | |a RU |b 63413507 |c 20090623 |g PSBO | |
| 801 | 2 | |a RU |b 63413507 |c 20211224 |g PSBO | |
| 856 | 4 | |u http://www.lib.tpu.ru/fulltext/v/Bulletin_TPU/2010/v317/i5/14.pdf | |
| 942 | |c CF | ||